Fransktalande länder - Statistics

General Stats
  • This quiz has been taken 226 times
  • The average score is 11 of 29
Answer Stats
Land % Correct
Frankrike
99%
Belgien
70%
Schweiz
62%
Kongo, Demokratiska republiken
56%
Kongo, Republiken
56%
Kanada
52%
Senegal
52%
Luxemburg
50%
Elfenbenskusten
49%
Niger
48%
Mali
45%
Monaco
44%
Guinea
43%
Kamerun
41%
Burkina Faso
36%
Togo
36%
Benin
34%
Gabon
30%
Haiti
30%
Tchad
29%
Centralafrikanska republiken
25%
Burundi
24%
Madagaskar
22%
Rwanda
22%
Djibouti
17%
Ekvatorialguinea
12%
Seychellerna
12%
Komorerna
10%
Vanuatu
7%
No matching quizzes found
Score Distribution
Percent of People with Each Score
Percentile by Number Answered
Your Score History
You have not taken this quiz